History Quiz

Random History or Year Quiz
Score 0/20 Timer 08:00
2 Plays Today
% Correct
Texas
89.7%
The Liberty Bell
89%
California Gold Rush
88.1%
Postage stamps
84.1%
The Oregon Trail
82.9%
Abraham Lincoln
78%
Uncle Tom's Cabin
77.3%
Charles Goodyear
72.3%
Slavery
70.3%
Notre Dame
69.8%
% Correct
James K. Polk
64.1%
Zachary Taylor
61%
L. Frank Baum
60.7%
Soujourner Truth
60%
John Brown
58%
The Amistad
56.7%
Elisha Otis
55.5%
Cincinnati
54.7%
Dred Scott
54.5%
Steinway & Sons
49.3%
Remove Ads.
Support Sporcle.
Get the best of Sporcle when you Go Orange. This ad-free experience offers more features, more stats, and more fun while also helping to support Sporcle. Thank you for becoming a member.

You're not logged in!

Compare scores with friends on all Sporcle quizzes.
OR
Log In

Show Comments

Extras

Top Quizzes Today


Score Distribution

Your Account Isn't Verified!

In order to create a playlist on Sporcle, you need to verify the email address you used during registration. Go to your Sporcle Settings to finish the process.

Report this User

Report this user for behavior that violates our Community Guidelines.

Details: